000 00771nam a2200133Ia 4500
008 171212s9999 xx 000 0 und d
020 _a9780833038166
100 _aDavis, Lynn E.;Polich, J. Michael;Hix, William M.;Greenberg, Michael D.;Brady, Stephen
245 _cDavis, Lynn E.;Polich, J. Michael;Hix, William M.;Greenberg, Michael D.;Brady, Stephen
_aStretched Thin
_bArmy Forces for Sustained Operations
260 _bRAND Corporation
_c2005
650 _aPolitical Science
650 _aUnited States -- Armed Forces -- Recruiting, enlistment, etc.; United States -- Armed Forces -- Appropriations and expenditures; United States -- Armed Forces -- Personnel management; United States -- Armed Forces -- Cost control
856 _uwww.jstor.org/stable/10.7249/mg362a
999 _c352579
_d352579